<?xml version="1.0" encoding="UTF-8"?>
<record
    xmlns:xsi="http://www.w3.org/2001/XMLSchema-instance"
    xsi:schemaLocation="http://www.loc.gov/MARC21/slim http://www.loc.gov/standards/marcxml/schema/MARC21slim.xsd"
    xmlns="http://www.loc.gov/MARC21/slim">

  <leader>00755nam a22000977a 4500</leader>
  <controlfield tag="008">110704t        xxu||||| |||| 00| 0 eng d</controlfield>
  <datafield tag="010" ind1=" " ind2=" ">
    <subfield code="a">CA F-136</subfield>
  </datafield>
  <datafield tag="245" ind1=" " ind2=" ">
    <subfield code="a">Sevice Agreement : An Agreement made the  day of 1972 Between Kaija Katuramu carrying on the business of Chartered  Surveyors in Uganda under the style or firm of Katuram &amp; Company , a firm duly registered under the Busin es Names Registration Act, Cap. 87, of Post Office Box 3137, Kampala (hereinafter callead "the firm" ) of theone part:  and Ezania Geofrey Barugahire of Post Office Box 10, Entebbe (hereinafter called "the Employees") on the other part:</subfield>
  </datafield>
  <datafield tag="260" ind1=" " ind2=" ">
    <subfield code="c">1972</subfield>
  </datafield>
  <datafield tag="999" ind1=" " ind2=" ">
    <subfield code="c">4485</subfield>
    <subfield code="d">4485</subfield>
  </datafield>
  <datafield tag="952" ind1=" " ind2=" ">
    <subfield code="0">0</subfield>
    <subfield code="1">0</subfield>
    <subfield code="2">ddc</subfield>
    <subfield code="4">0</subfield>
    <subfield code="6">C_A_F136</subfield>
    <subfield code="7">0</subfield>
    <subfield code="9">7880</subfield>
    <subfield code="a">MAIN</subfield>
    <subfield code="b">MAIN</subfield>
    <subfield code="c">REF</subfield>
    <subfield code="d">2011-07-04</subfield>
    <subfield code="l">0</subfield>
    <subfield code="o">C A F-136</subfield>
    <subfield code="p">2011/2955</subfield>
    <subfield code="r">2011-07-04 00:00:00</subfield>
    <subfield code="w">2011-07-04</subfield>
    <subfield code="y">REF</subfield>
  </datafield>
</record>
